000 00679nam a2200217 i 4500
001 bg
003 BPK
005 20200402144831.0
008 960606s1971 pl f f |000 0 pol
040 _cBPK
041 _apol
080 _a621.313
080 _a(075.8+076)
100 1 _aBajorek, Zygmunt
_eAutor
245 1 0 _aLaboratorium maszyn elektrycznych.
_n Cz.1,
_pInstrukcje do ćwiczeń /
_cZygmunt Bajorek.
260 _aRzeszów,
_c1971.
655 4 _aĆwiczenia i zadania dla szkół wyższych
650 4 _aMaszyny elektryczne
856 _uhttp://koha.tu.koszalin.pl/cgi-bin/koha/opac-detail.pl?biblionumber=7346
_yKatalog online BPK
942 _cKS
_2UKD
999 _c7346
_d7346